[Event "Bunratty Online"]
[Site "Chess.com INT"]
[Date "2021.02.20"]
[Round "9"]
[White "Mirza, Diana"]
[Black "Doyle, Gavin"]
[Result "1-0"]
[WhiteElo "1933"]
[BlackElo "1730"]
[PlyCount "37"]
[EventDate "2021.02.20"]
[EventType "swiss (blitz)"]
[EventRounds "9"]
[EventCountry "IRL"]
[SourceTitle "CBM 200 Extra"]
[Source "ChessBase"]
[SourceDate "2021.03.31"]
[SourceVersion "1"]
[SourceVersionDate "2021.03.31"]
[SourceQuality "1"]

1. b4 e5 2. Bb2 d6 3. e3 f5 4. c4 Nf6 5. Nc3 Be7 6. d4 0-0 7. d5 Ne4 8. Bd3 Ng5 9. h4 e4 10. hxg5 exd3 11. Qh5 d2+ 12. Kxd2 Bxg5 13. Qxh7+ Kf7 14. Qh5+ Kg8 15. Qh7+ Kf7 16. Ne4 fxe4 17. Qxg7+ Ke8 18. Qg6+ Rf7 19. Rh8+ 1-0

[Event "IRL-ch First Weekend Major"]
[Site "Dublin"]
[Date "2018.08.05"]
[Round "5.6"]
[White "Bolkeny, Gabor"]
[Black "Doyle, Gavin"]
[Result "1-0"]
[WhiteElo "1909"]
[BlackElo "1626"]
[PlyCount "109"]
[EventDate "2018.08.03"]
[EventType "swiss"]
[EventRounds "5"]
[EventCountry "IRL"]
[SourceTitle "EXT 2023"]
[Source "ChessBase"]
[SourceDate "2022.10.05"]
[SourceVersion "1"]
[SourceVersionDate "2022.10.05"]
[SourceQuality "1"]

1. e4 e5 2. Nc3 Nf6 3. Bc4 Be7 4. d3 h6 5. f4 d6 6. Nf3 Bg4 7. h3 Bxf3 8. Qxf3 Nc6 9. Ne2 Qd7 10. 0-0 Na5 11. Bb3 Nxb3 12. axb3 Qc6 13. Nc3 Qd7 14. f5 c6 15. Be3 a6 16. Na4 Bd8 17. g4 b5 18. Nc3 Nh7 19. Qg3 Qe7 20. d4 Qh4 21. Kg2 Qxg3+ 22. Kxg3 Bb6 23. Rfd1 0-0 24. h4 a5 25. Kf3 Rfd8 26. d5 Bxe3 27. Kxe3 b4 28. Na4 cxd5 29. Nb6 d4+ 30. Kd3 Ra6 31. Nd5 Nf6 32. Nxb4 Raa8 33. Nc6 Rd7 34. Rg1 Rc8 35. Nxa5 d5 36. exd5 Nxd5 37. Nc4 f6 38. Ra4 Rb8 39. g5 hxg5 40. hxg5 fxg5 41. Nxe5 Nf4+ 42. Ke4 Rc7 43. Rxg5 Nh3 44. Rg2 Rbc8 45. Rc4 Rxc4 46. bxc4 Kf8 47. b4 g5 48. Ng6+ Kg7 49. Kxd4 Kf6 50. c5 Rd8+ 51. Kc4 Kxf5 52. Ne7+ Kf4 53. c6 Kf3 54. c7 Rf8 55. Rd2 1-0